100 revistas clásicas de diseño gráfico /

Gespeichert in:
Bibliographische Detailangaben
1. Verfasser: Heller, Steven (autor)
Weitere Verfasser: Godfrey, Jason (autor) (autor)
Format: Buch
Sprache:Spanisch
Veröffentlicht: Barcelona, España : Blume, 2014, c2014
Schlagworte:
Tags: Tag hinzufügen
Keine Tags, Fügen Sie das erste Tag hinzu!

MARC

LEADER 00000nam^a2200000^a^4500
001 000395300
005 20250521000000.0
008 170811
009 20260310121358.663
020 |a 978-84-9801-741-0 
037 |a Acervo ITESO - Biblioteca 
041 |a ESP 
082 |a 741. 65  |b HEL 
100 |a Heller, Steven  |e (autor) 
245 1 0 |a 100 revistas clásicas de diseño gráfico /  |c S. Heller, J. Godfrey ; tr. por Antonio Díaz Pérez. 
264 4 |a Barcelona, España :  |b Blume,  |c 2014, c2014 
300 |a 223 p. 
336 |a texto  |b txt  |2 rdacontenido 
337 |a sin mediación  |b n  |2 rdamedio 
338 |a volumen  |b nc  |2 rdasoporte 
500 |a Traducción de: 100 Classic Graphic Design Journals 
521 |a Peticiones 2017 
649 |a XX 
650 |a Revistas -  |x Tema Principal 
650 |a Diseño Editorial 
650 |a Diseño Gráfico -  |x Publicaciones Periódicas -  |x Tema Principal 
650 |a Diseño Gráfico 
650 |a Comunicación Visual 
700 |a Godfrey, Jason  |e (autor) 
910 |a Fondo General 
920 |a Impresos - Libros 
930 |a Reserva Especial 
905 |a 103 
901 |a 0500290564  |b IT1  |c REE  |i C155825  |u 20250521 
902 |a https://opac.biblio.iteso.mx/vufind/Record/000395300